00968 2200313 4500001002100000005001500021035002000036007000300056008004100059020001800100082001100118084001600129084001400145100002700159245010100186250001200287300003800299650003000337650003900367700003500406700003100441700003000472264005200502336002100554337003000575338002300605990001300628990001300641INLIS00000000111902120220704101530 a0010-0722000014ta220704 0 ind  a9786233121378 a372,21 aD PAUD 4204 aPAUD 42040 aBadru ZamanePengarang1 aMedia dan Sumber Belajar Paud /cBadru Zaman, Asep Herry Hernawan, Edi Purnawanto, Budi Hermaini aedisi 2 a326 halaman :bilustrasi ;c27 cm 4aPendidikan Anak Usia Dini 4aEarly Childhood Education Programs0 aAsep Herry HernawanePengarang0 aEdi PurnawantoePenyunting0 aBudi HermainiePenyunting aTangerang Selatan :bUniversitas Terbuka,c2021 2rdacontentaTeks 2rdamediaaTanpa Perantara 2rdacarrieraVolume a22/90040 a22/30040